[Event "Titled Tuesday intern op 24th Sep Late"]
[Site "Chess.com INT"]
[Date "2024.09.24"]
[Round "2"]
[White "Bok, Benjamin"]
[Black "Machidon, Cristi"]
[Result "1-0"]
[WhiteElo "2596"]
[BlackElo "2313"]
[PlyCount "93"]
[EventDate "2024.09.24"]
[EventType "swiss (blitz)"]
[EventRounds "11"]
[EventCountry "USA"]
[SourceTitle "EXT 2025"]
[Source "ChessBase"]
[SourceDate "2024.10.14"]
[SourceVersion "1"]
[SourceVersionDate "2024.10.14"]
[SourceQuality "1"]

1. d4 d5 2. c4 c6 3. cxd5 cxd5 4. Nf3 Nf6 5. Nc3 e6 6. Bf4 Nc6 7. e3 Be7 8. Bd3 0-0 9. Rc1 Nh5 10. Be5 Bd7 11. h3 Qb6 12. Qe2 Rfc8 13. Bh2 Nf6 14. 0-0 Na5 15. Ne5 Be8 16. Bg3 Nd7 17. Rc2 Nxe5 18. Bxe5 Nc4 19. Bg3 Bd6 20. Bxd6 Nxd6 21. Rfc1 Rc7 22. Qh5 g6 23. Qe5 Rac8 24. h4 Bd7 25. h5 Ne8 26. Qg5 Qd6 27. Ne2 Rxc2 28. Rxc2 Rxc2 29. Bxc2 f6 30. Qh6 Qf8 31. Qxf8+ Kxf8 32. hxg6 hxg6 33. Bxg6 Nd6 34. Bd3 e5 35. Nc3 Bc6 36. f3 Ke7 37. g4 Ke6 38. Kf2 b5 39. b4 a6 40. Ne2 e4 41. Nf4+ Ke7 42. Be2 f5 43. gxf5 exf3 44. Bxf3 Nxf5 45. Bxd5 Bxd5 46. Nxd5+ Kd7 47. Ke2 1-0

[Event "Titled Tuesday intern op 24th Sep Late"]
[Site "Chess.com INT"]
[Date "2024.09.24"]
[Round "8"]
[White "Fiorito, Francisco"]
[Black "Machidon, Cristi"]
[Result "1-0"]
[WhiteElo "2416"]
[BlackElo "2313"]
[PlyCount "75"]
[EventDate "2024.09.24"]
[EventType "swiss (blitz)"]
[EventRounds "11"]
[EventCountry "USA"]
[SourceTitle "EXT 2025"]
[Source "ChessBase"]
[SourceDate "2024.10.14"]
[SourceVersion "1"]
[SourceVersionDate "2024.10.14"]
[SourceQuality "1"]

1. Nf3 d5 2. g3 c6 3. Bg2 Bg4 4. 0-0 Nd7 5. d4 e6 6. c4 Bd6 7. Qb3 Qb6 8. c5 Qxb3 9. axb3 Bc7 10. b4 a6 11. Nc3 Rc8 12. Nd2 e5 13. dxe5 Nxe5 14. Nb3 Nf6 15. Bg5 Nfd7 16. h3 Be6 17. Nd4 h6 18. Bc1 Nc4 19. b3 Be5 20. e3 Ncb6 21. cxb6 Nxb6 22. f4 Bf6 23. Bb2 0-0 24. Rac1 Rfe8 25. Rfe1 Bd7 26. Na4 Na8 27. Nc5 Re7 28. h4 Bg4 29. e4 dxe4 30. Nxe4 Bxd4+ 31. Bxd4 Rce8 32. Kf2 Nc7 33. Nc3 Ne6 34. Be3 Rd7 35. Ne4 Rd3 36. Rc3 Rxc3 37. Nxc3 Nc7 38. Rc1 1-0

[Event "Titled Tuesday intern op 24th Sep Late"]
[Site "Chess.com INT"]
[Date "2024.09.24"]
[Round "9"]
[White "Machidon, Cristi"]
[Black "Goryachkina, Aleksandra"]
[Result "0-1"]
[WhiteElo "2313"]
[BlackElo "2533"]
[PlyCount "74"]
[EventDate "2024.09.24"]
[EventType "swiss (blitz)"]
[EventRounds "11"]
[EventCountry "USA"]
[SourceTitle "EXT 2025"]
[Source "ChessBase"]
[SourceDate "2024.10.14"]
[SourceVersion "1"]
[SourceVersionDate "2024.10.14"]
[SourceQuality "1"]

1. d4 Nf6 2. Nf3 d5 3. g3 Bf5 4. Bg2 e6 5. 0-0 h6 6. c4 c6 7. Qb3 Qb6 8. Nc3 Be7 9. c5 Qa6 10. Re1 b6 11. cxb6 axb6 12. Ne5 0-0 13. e4 dxe4 14. Nxe4 Nxe4 15. Bxe4 Bxe4 16. Rxe4 Bf6 17. Be3 Qa4 18. Qxa4 Rxa4 19. b3 Ra6 20. a4 Rd8 21. Rc1 Bxe5 22. dxe5 c5 23. Kg2 Nc6 24. Rc3 Raa8 25. f4 Rd1 26. g4 Rad8 27. a5 Nxa5 28. b4 Nb7 29. bxc5 Nxc5 30. Bxc5 bxc5 31. Rxc5 R8d2+ 32. Kg3 Rg1+ 33. Kh3 Rd3+ 34. Kh4 Rg2 35. h3 Rgg3 36. g5 Rxh3+ 37. Kg4 h5# 0-1

[Event "Titled Tuesday intern op 24th Sep Late"]
[Site "Chess.com INT"]
[Date "2024.09.24"]
[Round "5"]
[White "Machidon, Cristi"]
[Black "Koellner, Ruben Gideon"]
[Result "0-1"]
[WhiteElo "2313"]
[BlackElo "2481"]
[PlyCount "78"]
[EventDate "2024.09.24"]
[EventType "swiss (blitz)"]
[EventRounds "11"]
[EventCountry "USA"]
[SourceTitle "EXT 2025"]
[Source "ChessBase"]
[SourceDate "2024.10.14"]
[SourceVersion "1"]
[SourceVersionDate "2024.10.14"]
[SourceQuality "1"]

1. c4 d6 2. d4 e5 3. Nf3 e4 4. Nfd2 f5 5. Nc3 Nf6 6. b4 c5 7. bxc5 dxc5 8. d5 Bd6 9. Nb3 Nbd7 10. e3 0-0 11. Bb2 Ne5 12. Nb5 b6 13. Nxd6 Qxd6 14. Be2 Bd7 15. Qc2 Rae8 16. g3 Re7 17. 0-0-0 Be8 18. h3 Bh5 19. Bxh5 Nxh5 20. g4 Nd3+ 21. Rxd3 exd3 22. Qxd3 Nf6 23. gxf5 Ne4 24. Qc2 Rxf5 25. f4 Qg6 26. Kb1 Ng3 27. Re1 Rh5 28. Qxg6 hxg6 29. Nd2 Ne4 30. Nf3 Rxh3 31. Ne5 g5 32. f5 Rh2 33. Kc1 Re8 34. Rd1 Rxb2 35. Kxb2 Rxe5 36. d6 Re8 37. d7 Rd8 38. Kc2 Nf6 39. e4 Nxe4 0-1

[Event "Titled Tuesday intern op 24th Sep Late"]
[Site "Chess.com INT"]
[Date "2024.09.24"]
[Round "3"]
[White "Machidon, Cristi"]
[Black "Lizak, Jakub"]
[Result "1-0"]
[WhiteElo "2313"]
[BlackElo "2245"]
[PlyCount "51"]
[EventDate "2024.09.24"]
[EventType "swiss (blitz)"]
[EventRounds "11"]
[EventCountry "USA"]
[SourceTitle "EXT 2025"]
[Source "ChessBase"]
[SourceDate "2024.10.14"]
[SourceVersion "1"]
[SourceVersionDate "2024.10.14"]
[SourceQuality "1"]

1. c4 e5 2. Nc3 Nf6 3. Nf3 Nc6 4. Qc2 g6 5. e3 Bg7 6. Be2 0-0 7. 0-0 d6 8. Rb1 a5 9. a3 Re8 10. d3 Bf5 11. Nd2 Bg4 12. Bxg4 Nxg4 13. b4 axb4 14. axb4 f5 15. Nd5 Ne7 16. b5 g5 17. b6 Nxd5 18. cxd5 cxb6 19. Nc4 Nf6 20. Rxb6 Qc7 21. Qb3 Nxd5 22. Rxd6 Qf7 23. Bb2 Rab8 24. Ra1 b5 25. Na5 Bf8 26. Rxd5 1-0

[Event "Titled Tuesday intern op 20th Aug Early"]
[Site "Chess.com INT"]
[Date "2024.08.20"]
[Round "4"]
[White "Brancaleoni, Maurizio"]
[Black "Machidon, Cristi"]
[Result "0-1"]
[WhiteElo "2180"]
[BlackElo "2313"]
[PlyCount "154"]
[EventDate "2024.08.20"]
[EventType "swiss (blitz)"]
[EventRounds "11"]
[EventCountry "USA"]
[SourceTitle "EXT 2025"]
[Source "ChessBase"]
[SourceDate "2024.10.14"]
[SourceVersion "1"]
[SourceVersionDate "2024.10.14"]
[SourceQuality "1"]

1. Nf3 g6 2. e4 Bg7 3. d4 a6 4. Bd3 b5 5. 0-0 Bb7 6. c3 Nf6 7. Re1 0-0 8. a4 bxa4 9. Qxa4 d6 10. Nbd2 Nfd7 11. Qc2 Nb6 12. Nb3 N8d7 13. Na5 Qc8 14. Bg5 Re8 15. Nxb7 Qxb7 16. e5 e6 17. exd6 cxd6 18. Qe2 a5 19. Bb5 Reb8 20. Ra2 Nd5 21. Bc4 a4 22. Rea1 a3 23. Rxa3 Rxa3 24. bxa3 Nxc3 25. Qc2 Qb2 26. Qxb2 Rxb2 27. a4 Nb6 28. Bf1 Nbxa4 29. Be7 d5 30. Ba3 Rc2 31. Bd3 Ra2 32. Rxa2 Nxa2 33. Bd6 N2c3 34. Be5 Nb2 35. Ba6 Bxe5 36. dxe5 Nba4 37. Kf1 Kg7 38. Ke1 Nc5 39. Bf1 N3e4 40. Nd4 f6 41. exf6+ Kxf6 42. f3 Nd6 43. f4 Nf5 44. Nf3 Ne3 45. g3 Ne4 46. Bd3 Nd6 47. Ke2 Nec4 48. Ng5 h6 49. Nf3 g5 50. Nd4 gxf4 51. gxf4 Nb6 52. Kf3 Nd7 53. Nc6 e5 54. fxe5+ Nxe5+ 55. Nxe5 Kxe5 56. Kg4 Nf7 57. Kh5 Kf6 58. Bg6 Kg7 59. Bxf7 Kxf7 60. Kg4 Kf6 61. Kf4 h5 62. h4 Ke6 63. Kg5 Ke5 64. Kxh5 d4 65. Kg6 d3 66. h5 d2 67. h6 d1Q 68. h7 Qg4+ 69. Kf7 Qh5+ 70. Kg7 Qg5+ 71. Kf7 Qf6+ 72. Kg8 Qd8+ 73. Kg7 Qe7+ 74. Kg8 Kf6 75. h8Q+ Kg6 76. Qa1 Qf7+ 77. Kh8 Qh7# 0-1

[Event "Titled Tuesday intern op 20th Aug Early"]
[Site "Chess.com INT"]
[Date "2024.08.20"]
[Round "8"]
[White "Machidon, Cristi"]
[Black "Rodriguez Rivero, Jinela de Cari"]
[Result "0-1"]
[WhiteElo "2313"]
[BlackElo "2141"]
[PlyCount "82"]
[EventDate "2024.08.20"]
[EventType "swiss (blitz)"]
[EventRounds "11"]
[EventCountry "USA"]
[SourceTitle "EXT 2025"]
[Source "ChessBase"]
[SourceDate "2024.10.14"]
[SourceVersion "1"]
[SourceVersionDate "2024.10.14"]
[SourceQuality "1"]

1. d4 d5 2. Bf4 Nf6 3. e3 e6 4. Nf3 Bd6 5. Nbd2 Bxf4 6. exf4 Qd6 7. g3 0-0 8. Bd3 c5 9. c3 b6 10. Qe2 a5 11. 0-0 Ba6 12. Bxa6 Nxa6 13. Rfe1 Nb8 14. Qb5 c4 15. b3 cxb3 16. axb3 Qc6 17. Qd3 Rc8 18. c4 Nbd7 19. f5 dxc4 20. bxc4 exf5 21. Qxf5 Re8 22. Reb1 g6 23. Qd3 Qd6 24. Rb5 Re7 25. Kg2 Rae8 26. Qa3 Qc7 27. c5 Re2 28. cxb6 Qc6 29. Qd3 Rxd2 30. Qxd2 Qxb5 31. Qxa5 Qxb6 32. Qg5 Qc6 33. Rc1 Qd5 34. Qh6 Ng4 35. Qf4 h5 36. h3 Ngf6 37. Rc7 Re4 38. Qh6 Nf8 39. Qc1 Re8 40. Qc2 Ne6 41. Rc6 Nxd4 0-1

[Event "Titled Tuesday intern op 20th Aug Early"]
[Site "Chess.com INT"]
[Date "2024.08.20"]
[Round "3"]
[White "Machidon, Cristi"]
[Black "Schut, Han"]
[Result "1-0"]
[WhiteElo "2313"]
[BlackElo "2087"]
[PlyCount "75"]
[EventDate "2024.08.20"]
[EventType "swiss (blitz)"]
[EventRounds "11"]
[EventCountry "USA"]
[SourceTitle "EXT 2025"]
[Source "ChessBase"]
[SourceDate "2024.10.14"]
[SourceVersion "1"]
[SourceVersionDate "2024.10.14"]
[SourceQuality "1"]

1. Nf3 Nf6 2. c4 g6 3. e3 Bg7 4. Nc3 d5 5. cxd5 Nxd5 6. d4 c5 7. Bc4 Nxc3 8. bxc3 0-0 9. 0-0 Qc7 10. Qe2 Bg4 11. Ba3 Bxf3 12. gxf3 cxd4 13. cxd4 Nc6 14. Rab1 Rfc8 15. Rfc1 Qd7 16. f4 a6 17. Qf3 e6 18. Bd3 Bf8 19. Bxf8 Kxf8 20. Be4 Rc7 21. Rc5 Rac8 22. Rbc1 Ne7 23. Rxc7 Rxc7 24. Rxc7 Qxc7 25. Bxb7 a5 26. Be4 Qc1+ 27. Kg2 Qb2 28. a4 Qa2 29. Qd1 f5 30. Bf3 Nd5 31. Kg3 Nf6 32. Bc6 Kg7 33. h3 Nh5+ 34. Kg2 g5 35. Qxh5 gxf4 36. Qg5+ Kf7 37. Qxf4 Qxa4 38. Bxa4 1-0

[Event "Titled Tuesday intern op 20th Aug Late"]
[Site "Chess.com INT"]
[Date "2024.08.20"]
[Round "1"]
[White "Robson, Ray"]
[Black "Machidon, Cristi"]
[Result "1-0"]
[WhiteElo "2700"]
[BlackElo "2313"]
[PlyCount "59"]
[EventDate "2024.08.20"]
[EventType "swiss (blitz)"]
[EventRounds "11"]
[EventCountry "USA"]
[SourceTitle "EXT 2025"]
[Source "ChessBase"]
[SourceDate "2024.10.14"]
[SourceVersion "1"]
[SourceVersionDate "2024.10.14"]
[SourceQuality "1"]

1. d4 d5 2. c4 c6 3. Nf3 Nf6 4. e3 e6 5. Nbd2 Nbd7 6. b3 Bd6 7. Bb2 Qe7 8. Bd3 0-0 9. 0-0 b6 10. e4 dxe4 11. Nxe4 Nxe4 12. Bxe4 Bb7 13. Re1 Rfd8 14. Qe2 Bb4 15. Red1 Nf6 16. Bc2 Ba3 17. Bxa3 Qxa3 18. g4 c5 19. g5 Nh5 20. d5 exd5 21. Qe7 Bc6 22. Ne5 Be8 23. cxd5 Qb2 24. Be4 Nf4 25. Bg2 Nxd5 26. Qb7 Rab8 27. Qxa7 Nf4 28. Re1 Nd3 29. Nxd3 Rxd3 30. Qxb8 1-0

[Event "Titled Tuesday intern op 13th Aug Late"]
[Site "Chess.com INT"]
[Date "2024.08.13"]
[Round "11"]
[White "Amaya, Brayan Angel"]
[Black "Machidon, Cristi"]
[Result "0-1"]
[WhiteElo "1881"]
[BlackElo "2313"]
[PlyCount "62"]
[EventDate "2024.08.13"]
[EventType "swiss (blitz)"]
[EventRounds "11"]
[EventCountry "USA"]
[SourceTitle "EXT 2025"]
[Source "ChessBase"]
[SourceDate "2024.10.14"]
[SourceVersion "1"]
[SourceVersionDate "2024.10.14"]
[SourceQuality "1"]

1. e4 Nc6 2. Bb5 e5 3. Nf3 a6 4. Bxc6 dxc6 5. Nxe5 Qd4 6. Nf3 Qxe4+ 7. Qe2 Qxe2+ 8. Kxe2 Bg4 9. h3 Bh5 10. d3 0-0-0 11. Be3 Nf6 12. Nbd2 Nd5 13. Rhe1 Bb4 14. c3 Bd6 15. d4 c5 16. Kf1 cxd4 17. Bxd4 f6 18. b4 Rhe8 19. a3 b6 20. g4 Bg6 21. c4 Nf4 22. h4 Bd3+ 23. Kg1 Ne2+ 24. Kg2 Nxd4 25. Nxd4 Be5 26. N4f3 Bxa1 27. Rxa1 Be2 28. Rc1 Rd3 29. c5 b5 30. g5 fxg5 31. hxg5 Rf8 0-1

[Event "Titled Tuesday intern op 13th Aug Late"]
[Site "Chess.com INT"]
[Date "2024.08.13"]
[Round "1"]
[White "Machidon, Cristi"]
[Black "Troff, Kayden W"]
[Result "1/2-1/2"]
[WhiteElo "2313"]
[BlackElo "2490"]
[PlyCount "139"]
[EventDate "2024.08.13"]
[EventType "swiss (blitz)"]
[EventRounds "11"]
[EventCountry "USA"]
[SourceTitle "EXT 2025"]
[Source "ChessBase"]
[SourceDate "2024.10.14"]
[SourceVersion "1"]
[SourceVersionDate "2024.10.14"]
[SourceQuality "1"]

1. d4 Nf6 2. Bf4 g6 3. Nf3 Bg7 4. Nbd2 d6 5. c3 0-0 6. e4 Nc6 7. h3 e5 8. dxe5 dxe5 9. Be3 Be6 10. Qc2 Qe7 11. Bc4 Rfd8 12. Bxe6 Qxe6 13. Qb3 Qxb3 14. axb3 h6 15. Ke2 Rd7 16. b4 b6 17. b5 Na5 18. Ra4 c6 19. bxc6 Nxc6 20. Bxb6 Rb8 21. Be3 Rxb2 22. Rha1 Rc2 23. Rc4 Nd4+ 24. cxd4 Rxc4 25. Nxc4 exd4 26. Bf4 Nxe4 27. Be5 Nc5 28. Bxg7 Kxg7 29. Ra3 Re7+ 30. Kd1 d3 31. Nb2 Ne4 32. Nxd3 Rb7 33. Ke2 g5 34. Ke3 Nf6 35. Nd4 Nd5+ 36. Kf3 Rd7 37. Nf5+ Kh7 38. Ra6 Nc7 39. Rd6 Rxd6 40. Nxd6 Kg6 41. Ne5+ Kf6 42. Nexf7 Ke6 43. Kg4 a5 44. Kh5 a4 45. Nc4 Kxf7 46. Kxh6 Ne6 47. g3 Kf6 48. h4 g4 49. h5 Ng5 50. Na3 Ne4 51. Kh7 Kf7 52. Kh6 Kf6 53. Kh7 Nxf2 54. h6 Kf7 55. Kh8 Ne4 56. h7 Nxg3 57. Nc4 Ne4 58. Ne5+ Ke6 59. Nxg4 Ng5 60. Kg7 Nxh7 61. Kxh7 a3 62. Ne3 a2 63. Nc2 Kd6 64. Kg6 Kc5 65. Kf5 Kc4 66. Ke4 Kc3 67. Na1 Kb2 68. Kd3 Kb1 69. Kc3 Kxa1 70. Kc2 1/2-1/2

[Event "Titled Tuesday intern op 30th Jul Late"]
[Site "Chess.com INT"]
[Date "2024.07.30"]
[Round "4"]
[White "Garcia Alvarez, Diego"]
[Black "Machidon, Cristi"]
[Result "1-0"]
[WhiteElo "2190"]
[BlackElo "2313"]
[PlyCount "55"]
[EventDate "2024.07.30"]
[EventType "swiss (blitz)"]
[EventRounds "11"]
[EventCountry "USA"]
[SourceTitle "EXT 2025"]
[Source "ChessBase"]
[SourceDate "2024.10.14"]
[SourceVersion "1"]
[SourceVersionDate "2024.10.14"]
[SourceQuality "1"]

1. d4 d5 2. c4 e6 3. Nf3 Nf6 4. Nc3 Be7 5. Bg5 0-0 6. cxd5 exd5 7. Qc2 c6 8. e3 Ne4 9. Bxe7 Qxe7 10. Bd3 Re8 11. 0-0 Nd7 12. Rab1 a5 13. a3 h6 14. b4 axb4 15. axb4 Ra3 16. Bxe4 dxe4 17. Nd2 Nf6 18. b5 c5 19. Nc4 Ra7 20. d5 Bf5 21. Rfd1 h5 22. b6 Ra6 23. Nb5 Rd8 24. Nc7 Rxb6 25. Rxb6 Qxc7 26. Qb3 Nxd5 27. Rxb7 Nb4 28. Rxc7 1-0

[Event "Titled Tuesday intern op 30th Jul Late"]
[Site "Chess.com INT"]
[Date "2024.07.30"]
[Round "1"]
[White "Grigoriants, Sergey"]
[Black "Machidon, Cristi"]
[Result "1-0"]
[WhiteElo "2536"]
[BlackElo "2313"]
[PlyCount "41"]
[EventDate "2024.07.30"]
[EventType "swiss (blitz)"]
[EventRounds "11"]
[EventCountry "USA"]
[SourceTitle "EXT 2025"]
[Source "ChessBase"]
[SourceDate "2024.10.14"]
[SourceVersion "1"]
[SourceVersionDate "2024.10.14"]
[SourceQuality "1"]

1. e4 c6 2. d4 d5 3. Nc3 dxe4 4. Nxe4 Bf5 5. Ng3 Bg6 6. h4 h6 7. Bd3 Bxd3 8. Qxd3 e6 9. N1e2 Nf6 10. Bd2 c5 11. Ne4 Nxe4 12. Qxe4 Nc6 13. Bc3 c4 14. Nf4 Bb4 15. d5 Bxc3+ 16. bxc3 Ne7 17. dxe6 0-0 18. 0-0 Nc6 19. Rab1 Qxh4 20. Rxb7 Rac8 21. exf7+ 1-0

[Event "Titled Tuesday intern op 30th Jul Late"]
[Site "Chess.com INT"]
[Date "2024.07.30"]
[Round "2"]
[White "Machidon, Cristi"]
[Black "Lenoir Ibacache, Gabriel Alberto"]
[Result "1-0"]
[WhiteElo "2313"]
[BlackElo "2228"]
[PlyCount "37"]
[EventDate "2024.07.30"]
[EventType "swiss (blitz)"]
[EventRounds "11"]
[EventCountry "USA"]
[SourceTitle "EXT 2025"]
[Source "ChessBase"]
[SourceDate "2024.10.14"]
[SourceVersion "1"]
[SourceVersionDate "2024.10.14"]
[SourceQuality "1"]

1. d4 d5 2. c4 e6 3. Nf3 Nf6 4. Nc3 c6 5. e3 Nbd7 6. Qc2 Bd6 7. b3 b6 8. Be2 Bb7 9. 0-0 0-0 10. e4 Nxe4 11. Nxe4 dxe4 12. Qxe4 h6 13. Bd3 Nf6 14. Qh4 Be7 15. Bxh6 gxh6 16. Qxh6 Re8 17. Ng5 Bf8 18. Bh7+ Kh8 19. Nxf7# 1-0

[Event "Titled Tuesday intern op 30th Jul Late"]
[Site "Chess.com INT"]
[Date "2024.07.30"]
[Round "3"]
[White "Machidon, Cristi"]
[Black "Maltsevskaya, Aleksandra"]
[Result "0-1"]
[WhiteElo "2313"]
[BlackElo "2404"]
[PlyCount "95"]
[EventDate "2024.07.30"]
[EventType "swiss (blitz)"]
[EventRounds "11"]
[EventCountry "USA"]
[SourceTitle "EXT 2025"]
[Source "ChessBase"]
[SourceDate "2024.10.14"]
[SourceVersion "1"]
[SourceVersionDate "2024.10.14"]
[SourceQuality "1"]

1. d4 Nf6 2. Nf3 g6 3. c4 d6 4. Bg5 Bg7 5. Nc3 0-0 6. e3 Nbd7 7. Be2 e5 8. 0-0 h6 9. Bh4 Re8 10. Rc1 c6 11. Qc2 Qa5 12. Rfd1 Nf8 13. h3 Bf5 14. e4 Bc8 15. Bg3 Nh5 16. Bh2 Ne6 17. d5 Nd4 18. Nxd4 exd4 19. Nb1 cxd5 20. Bxh5 dxe4 21. Re1 d3 22. Qd2 Qxh5 23. Bxd6 b6 24. Nc3 Bb7 25. Nb5 Rad8 26. Bb4 Bd4 27. Nxd4 Rxd4 28. b3 Kh7 29. Bc3 Rd7 30. Qf4 Qg5 31. Qxg5 hxg5 32. Rcd1 f5 33. Bd2 f4 34. g3 Rf7 35. h4 gxh4 36. gxf4 h3 37. Kh2 g5 38. f5 Rxf5 39. Be3 g4 40. Rg1 Bc8 41. Rc1 Rf3 42. c5 Ref8 43. cxb6 axb6 44. Bxb6 d2 45. Rcd1 Rxf2+ 46. Bxf2 Rxf2+ 47. Kg3 e3 48. Rgf1 0-1

[Event "Titled Tuesday intern op 30th Jul Late"]
[Site "Chess.com INT"]
[Date "2024.07.30"]
[Round "11"]
[White "Wu, Derek"]
[Black "Machidon, Cristi"]
[Result "1/2-1/2"]
[WhiteElo "2278"]
[BlackElo "2313"]
[PlyCount "123"]
[EventDate "2024.07.30"]
[EventType "swiss (blitz)"]
[EventRounds "11"]
[EventCountry "USA"]
[SourceTitle "EXT 2025"]
[Source "ChessBase"]
[SourceDate "2024.10.14"]
[SourceVersion "1"]
[SourceVersionDate "2024.10.14"]
[SourceQuality "1"]

1. d4 Nf6 2. Bg5 d5 3. Nd2 Nbd7 4. Ngf3 g6 5. e3 Bg7 6. c4 c6 7. Be2 0-0 8. 0-0 b6 9. cxd5 cxd5 10. Rc1 Bb7 11. Qa4 a6 12. h3 Re8 13. Bf4 b5 14. Qa3 Rc8 15. Nb3 Ne4 16. Rxc8 Qxc8 17. Rc1 Qa8 18. Rc7 Nb6 19. Rxe7 Bf8 20. Rxe8 Qxe8 21. Qa5 Na4 22. Qc7 Qc6 23. Na5 Qxc7 24. Bxc7 Bc8 25. b3 Nac3 26. Bd3 Nxa2 27. Ne5 Nb4 28. Be2 Be6 29. Nec6 Nd2 30. Nxb4 Bxb4 31. Nc6 Bc3 32. Nb8 a5 33. Bxb5 Nxb3 34. Nc6 Kg7 35. Ba4 Bd7 36. Be5+ f6 37. Bc7 Nd2 38. f3 Nc4 39. Kf2 Bd2 40. e4 Be3+ 41. Ke2 Bxc6 42. Bxc6 Bxd4 43. Bxd5 Nb6 44. Kd3 Bc5 45. Ba2 a4 46. f4 a3 47. e5 fxe5 48. fxe5 Kf8 49. Ke4 Ke7 50. g4 h6 51. h4 Nd7 52. Kd5 Bf2 53. Bd6+ Ke8 54. h5 gxh5 55. gxh5 Be3 56. Ke6 Bf4 57. Bb3 Nxe5 58. Bxe5 Bxe5 59. Kxe5 Kf8 60. Kf5 Kg7 61. Ba2 Kh8 62. Kg6 1/2-1/2

[Event "Titled Tuesday intern op 12th Mar Late"]
[Site "Chess.com INT"]
[Date "2024.03.12"]
[Round "8"]
[White "Pakleza, Zbigniew"]
[Black "Machidon, Cristi"]
[Result "0-1"]
[WhiteElo "2482"]
[BlackElo "2281"]
[PlyCount "98"]
[EventDate "2024.03.12"]
[EventType "swiss (blitz)"]
[EventRounds "11"]
[EventCountry "USA"]
[SourceTitle "CBM 219 Extra"]
[Source "ChessBase"]
[SourceDate "2024.05.31"]
[SourceVersion "1"]
[SourceVersionDate "2024.05.31"]
[SourceQuality "1"]

1. g3 d5 2. d3 e5 3. b3 c6 4. a3 Bd6 5. e3 Nf6 6. c3 0-0 7. f3 Re8 8. Ne2 e4 9. dxe4 dxe4 10. f4 a5 11. h3 a4 12. Nd2 axb3 13. Nxb3 Qe7 14. a4 Nbd7 15. Bg2 Nb6 16. a5 Nc4 17. 0-0 Bc7 18. Ned4 Nd5 19. Qe2 Nxa5 20. Ba3 Qf6 21. c4 Nxe3 22. Qxe3 Nxc4 23. Qc1 Nxa3 24. Rxa3 Rxa3 25. Qxa3 Bb6 26. Qb4 c5 27. Nxc5 Qd6 28. Ndb3 Be6 29. Kh2 Bxb3 30. Qb5 Bxc5 31. Qxe8+ Qf8 32. Qxf8+ Bxf8 33. Bxe4 b5 34. Ra1 g6 35. Ra8 Kg7 36. Rd8 Be7 37. Rd7 Kf8 38. Bd5 Bc2 39. Rb7 b4 40. Kg2 h5 41. g4 hxg4 42. hxg4 Bd1 43. Kg3 Be2 44. f5 gxf5 45. gxf5 f6 46. Kh4 Bd1 47. Be6 Be2 48. Rb8+ Kg7 49. Rg8+ Kh7 0-1

[Event "Rome La Regina op 3rd"]
[Site "Rome"]
[Date "2023.07.30"]
[Round "4"]
[White "Dionigi, Riccardo"]
[Black "Machidon, Cristi"]
[Result "1/2-1/2"]
[WhiteElo "2061"]
[BlackElo "2313"]
[PlyCount "118"]
[EventDate "2023.07.28"]
[EventType "swiss"]
[EventRounds "5"]
[EventCountry "ITA"]
[SourceTitle "CBM 215 Extra"]
[Source "ChessBase"]
[SourceDate "2023.09.30"]
[SourceVersion "1"]
[SourceVersionDate "2023.09.30"]
[SourceQuality "1"]

1. d4 d5 2. c4 e5 3. dxe5 d4 4. Nf3 Nc6 5. g3 Nge7 6. Bg2 Ng6 7. 0-0 Ngxe5 8. Nbd2 Be7 9. Qb3 0-0 10. Nxe5 Nxe5 11. Nf3 Nxf3+ 12. Bxf3 Bf6 13. e3 Qe7 14. Bd2 Rd8 15. exd4 Bxd4 16. Bc3 Bxc3 17. Qxc3 c6 18. Rfe1 Qc7 19. c5 Be6 20. Red1 Re8 21. a4 a5 22. Rd6 Qe7 23. h4 h6 24. Rad1 Bf5 25. Kg2 Qe5 26. R1d4 Kh7 27. Qb3 Re7 28. Qb6 Qe1 29. Qb3 Rae8 30. Rf4 Qe5 31. Qc4 g5 32. hxg5 hxg5 33. Rfd4 Kg7 34. Qc1 f6 35. g4 Rh8 36. gxf5 Qh2+ 37. Kf1 Qh1+ 38. Bxh1 Rxh1+ 39. Kg2 Rxc1 40. Rd7 Kf7 41. b4 axb4 42. Rxe7+ Kxe7 43. Rxb4 Rxc5 44. Rxb7+ Kd6 45. Rb3 Rxf5 46. Ra3 Ra5 47. Kg3 Kd5 48. Kg4 Kc4 49. Rf3 Kb4 50. Rxf6 c5 51. Rb6+ Kxa4 52. Kxg5 c4+ 53. Kg6 Rc5 54. f4 c3 55. Rb1 c2 56. Rc1 Kb3 57. f5 Rxf5 58. Kxf5 Kb2 59. Rxc2+ Kxc2 1/2-1/2

[Event "Rome La Regina op 3rd"]
[Site "Rome"]
[Date "2023.07.29"]
[Round "2"]
[White "Ghods, Maziar"]
[Black "Machidon, Cristi"]
[Result "1/2-1/2"]
[WhiteElo "1941"]
[BlackElo "2313"]
[PlyCount "74"]
[EventDate "2023.07.28"]
[EventType "swiss"]
[EventRounds "5"]
[EventCountry "ITA"]
[SourceTitle "CBM 215 Extra"]
[Source "ChessBase"]
[SourceDate "2023.09.30"]
[SourceVersion "1"]
[SourceVersionDate "2023.09.30"]
[SourceQuality "1"]

1. Nf3 d5 2. g3 Bg4 3. Bg2 Nd7 4. d4 e6 5. 0-0 Ngf6 6. c4 c6 7. h3 Bh5 8. cxd5 exd5 9. Qb3 Qb6 10. Qe3+ Be7 11. Nh4 Bg6 12. Nxg6 hxg6 13. Nc3 Kf8 14. Rb1 a5 15. Qd3 Qa6 16. Qxa6 Rxa6 17. Bg5 Ra8 18. Rfc1 Nb6 19. e3 Nc4 20. Bxf6 gxf6 21. Rc2 f5 22. h4 Kg7 23. Bxd5 Nxe3 24. fxe3 cxd5 25. Nxd5 Bd6 26. Kg2 Rae8 27. Rbc1 Rd8 28. Nb6 Rhe8 29. Rc8 Rxc8 30. Nxc8 Bb8 31. Kf3 Re6 32. d5 Re5 33. Rc5 b6 34. Nxb6 Ba7 35. Rb5 Bxb6 36. Rxb6 Rxd5 37. a4 Rd2 1/2-1/2

[Event "Titled Tuesday intern op 25th Jul Late"]
[Site "Chess.com INT"]
[Date "2023.07.25"]
[Round "6"]
[White "Fernandez Siles, Luis"]
[Black "Machidon, Cristi"]
[Result "0-1"]
[WhiteElo "2218"]
[BlackElo "2313"]
[PlyCount "56"]
[EventDate "2023.07.25"]
[EventType "swiss (blitz)"]
[EventRounds "11"]
[EventCountry "USA"]
[SourceTitle "EXT 2024"]
[Source "ChessBase"]
[SourceDate "2023.10.10"]
[SourceVersion "1"]
[SourceVersionDate "2023.10.10"]
[SourceQuality "1"]

1. e4 c6 2. d4 d5 3. exd5 cxd5 4. c4 Nf6 5. Nc3 e6 6. Nf3 Be7 7. cxd5 Nxd5 8. Bd3 0-0 9. 0-0 Nc6 10. Re1 Nxc3 11. bxc3 b6 12. Qe2 Bb7 13. Qe4 g6 14. Bh6 Re8 15. Qg4 Rc8 16. Rxe6 fxe6 17. Bxg6 Bf6 18. Bxe8+ Kh8 19. Bf7 Qe7 20. Bxe6 Re8 21. d5 Nd8 22. Ng5 Bxd5 23. Re1 Nxe6 24. Qh5 Kg8 25. h4 Rd8 26. Nxe6 Bxe6 27. Bg5 Qf7 28. Qe2 Bd5 0-1